Länder Europas - Statistiken

Allgemein
  • Dieses Quiz wurde 102 mal gespielt
  • Das Durchschnittsergebnis liegt bei 32 aus 45
Antworten auf der Karte
Die Antworten werden auf der Karte rot bzw. grün angezeigt, abhängig davon wie oft sie richtig erraten wurden.
 
Antwortstatistiken
Antwort % Korrekt
Deutschland
82%
Norwegen
82%
Irland
81%
Polen
81%
Schweden
81%
Estland
79%
Finnland
79%
Frankreich
79%
Island
79%
Lettland
79%
Liechtenstein
79%
Österreich
78%
Albanien
77%
Belgien
77%
Griechenland
77%
Niederlande
77%
Russland
77%
Schweiz
77%
Spanien
77%
Portugal
76%
Tschechien
76%
Ukraine
76%
Andorra
74%
Italien
74%
Dänemark
72%
Luxemburg
72%
Serbien
72%
Ungarn
72%
Vatikan
72%
Belarus
71%
Kroatien
71%
Litauen
71%
Monaco
69%
Rumänien
67%
San Marino
67%
Malta
65%
Bosnien
64%
Bulgarien
64%
Kosovo
64%
Slowenien
64%
Moldawien
63%
Slowakei
63%
Montenegro
60%
Nordmazedonien
59%
Britanien
6%
Keine übereinstimmenden Quizze gefunden
Verteilung der Resultate
Anzahl Personen mit jedem Resultat
Perzentil nach korrekt beantworteten Fragen
Ihre Resultats-Entwicklung
Sie haben dieses Quiz noch nicht gespielt